00995nas a2200193 a 450000500170000000800410001702200140005804000230007204100130009524500720010826001080018030000340028850000570032254600630037965000880044265000820053065000830061271001060069520170519114242.0981210c19949999ck fr pzr 0 0b0spa d a0121-733X ahm chmdCO-BoIAVH0 aspabeng00aBoletín del Museo de Entomología de la Universidad del Valle /. aCali (Colombia) : bUniversidad del Valle. Facultad de Ciencias. Departamento de Biología, c[1994]-. bilustraciones ; c23 x 16 cm. aDescripción basada en : Vol.1, no. 1 (Julio 1993). aIncluye resúmenes de los textos en español e inglés.26aEntomologíazValle del Cauca (Departamento, Colombia)vPublicaciones periódicas26aInsectazValle del Cauca (Departamento, Colombia)vPublicaciones periódicas24aInsectoszValle del Cauca (Departamento, Colombia)vPublicaciones periódicas2 aUniversidad del VallebFacultad de Ciencias del Departamento de BiologíabSección de Entomologia